00269nam a2200109Ia 4500008004100000041000800041082001600049100001000065245003200075260003300107300001900140241015s9999 xx 000 0 und d aeng a658.403 JON aJones aDecision Making For Dummies bWiley IndiaaNew Delhic2014 a370;. P. 23 cm